000 00693nam a2200289Ia 4500
005 20260324112423.0
008 008 260324s9999 xx 000 0 eng d
020 _a9781003365402
037 _aEBOOK
040 _aCRL
040 _beng
040 _cCRL
041 _2eng
041 _aeng
084 _qCRL
100 _aMary Anne Richey
_91142623
245 0 _aRaising Girls With ADHD
245 0 _bSecrets for Parenting Healthy, Happy Daughters
260 _bTaylor and Francis
260 _c2024
365 _a
365 _b79.99
856 _uhttp://www.taylorfrancis.com/books/9781003365402
942 _cEBOOK
999 _c1731822
_d1731822